| 000 | 01955cam a22005414i 4500 | ||
|---|---|---|---|
| 003 | PE-LiUPU | ||
| 005 | 20250731184534.0 | ||
| 008 | 170703s1996 nyua rb 000 0 eng d | ||
| 020 | _a9004100563 | ||
| 020 | _a9789004100565 | ||
| 035 | _a(Sirsi) a237856 | ||
| 040 |
_aPE-LiUPU _beng _cPE-LiUPU _erda |
||
| 041 | 1 |
_aeng _hger |
|
| 049 | _aPRUA | ||
| 082 | 0 | 4 |
_a961.02 _bH17 _220 |
| 100 | 1 | _aHalm, Heinz, 1942- | |
| 245 | 1 | 4 |
_aThe empire of the Mahdi : _bthe rise of the Fatimids / _cby Heinz Halm ; translated from the German by Michael Bonner. |
| 264 | 1 |
_aNew York : _bBrill, _c1996. |
|
| 300 |
_avii, 452 páginas : _bilustraciones ; _c25 centímetros. |
||
| 336 |
_atext _2rdacontent |
||
| 337 |
_aunmediated _2rdamedia |
||
| 338 |
_avolume _2rdacarrier |
||
| 504 | _aBibliografía : páginas 429-434. | ||
| 504 | _aIndex : páginas 435-452. | ||
| 505 | 0 | _aThe secret order -- The appearance of the mahdi -- The caliph Al-mahdi billah -- The collapse of the empire -- New Beginning -- The imam. | |
| 526 | _aP136 | ||
| 526 | _aP135 | ||
| 526 | _aP134 | ||
| 526 | _aP133 | ||
| 526 | _aP144 | ||
| 526 | _aP143 | ||
| 526 | _aP87 | ||
| 526 | _aP35 | ||
| 526 | _aP20 | ||
| 526 | _aP14 | ||
| 526 | _aP10 | ||
| 526 | _aP06 | ||
| 534 |
_pTítulo original : _tDas Reich des mahdi Aufstieg der fatimiden. |
||
| 650 | 0 | 4 | _aÁfrica, Norte - historia. |
| 650 | 0 | 4 | _aFatimites - historia. |
| 910 |
_ajck _bncf _cncf _d20170703 |
||
| 942 |
_2ddc _cBOOK |
||
| 949 |
_a961.02 H17 _wDEWEY _c1 _i76498 _lCCODEBUL1 _mBUL _p108.41 _r0 _sY _tBOOK _u2017-07-03 _xTEOLOGIA _PP35 _0DONACION _o.STAFF. Colección Teología |
||
| 994 |
_aC0 _bPEPRU |
||
| 596 | _a1 | ||
| 999 |
_a961.02 H17 _wDEWEY _c24555 _i76498 _f2021-11-11 _g4 _lCCODEBUL1 _mBUL _p108.41 _r0 _sY _tBOOK _u2017-7-3 _xTEOLOGIA _PP35 _0COMPRA _o.STAFF. Colección Teología _d24555 |
||
| 980 |
_81 _gALBERTO SANCHEZ Responsable de Automatización |
||